| 000 | 00848nas a2200301 4500 | ||
|---|---|---|---|
| 001 | BR0904885 | ||
| 003 | BR-BrBNA | ||
| 005 | 20231205113614.0 | ||
| 007 | ta | ||
| 008 | 230509b bl.|||p| |||| 00| 00por d | ||
| 040 |
_aBR-BrBNA _bpor _cBiblioteca Nacional de Agricultura |
||
| 041 | _a(Pt) | ||
| 072 | _aH20 | ||
| 100 | 1 | _aLiberato, J.R. | |
| 100 | 1 | _aTatagiba, J.S. | |
| 100 | 1 | _aZambolim, L. | |
| 100 | 1 | _aCosta, H. | |
| 245 | 1 | _aFitotoxidez de fungicidas triazoles ao mamoeiro | |
| 650 | _aFITOTOXIDADE | ||
| 650 | _aDOENÇA DE PLANTA | ||
| 650 | _aMAMÃO | ||
| 650 | _aFUNGICIDA | ||
| 650 | _aFRUTA TROPICAL | ||
| 650 | _aDISTÚRBIO FISIOLÓGICO | ||
| 773 | 0 |
_tFitopatologia Brasileira (Brazil) _xISSN 0100-4158 _g(Jun 1999), v. 24(2) p. 192 _wBR0904885 |
|
| 909 |
_a202311 _bLúcia _c55 _dLúcia Elande |
||
| 942 |
_2AGRIS _n0 _cANA |
||
| 999 |
_c204671 _d204671 |
||